00832nam a2200181 i 450000100060000000300090000600500170001500700030003200800410003510000320007624501500010826000720025830000410033050001180037171000510048971100780054085200320061870213ES-MaACL20230906170745.0t|040720s1959 sp ||||1| spa d1 aGarcía Prado, Justiniano.10aGuerra de la independencia (1808-1814) b: "Asturias, nunca vencida" en operaciones militares en el principado / cpor Justiniano García Prado. a[Oviedo : bs.n., c1959] (fTip. Residencia Provincial de Niños) a157 p., 25 lám. : bil. ; c24 cm. aPrecede al tít.: Diputación Provincial de Oviedo, II Congreso Internacional de la Guerra de la Independencia.00aOviedo (Provincia). bDiputación Provincial.2 aCongreso Internacional de la Guerra de la Independencia (n2º. cOviedo) aES-MaACLjC-16946 bR.44578